Normal view
MARC view
- Human Papillomavirus (HPV)
Entry Uniform Title
001 - CONTROL NUMBER
- control field: 3248
003 - CONTROL NUMBER IDENTIFIER
- control field: NUST
005 - DATE AND TIME OF LATEST TRANSACTION
- control field: 20170712130203.0
008 - FIXED-LENGTH DATA ELEMENTS
- fixed length control field: 170712|| aca||aabn | a|a d
040 ## - CATALOGING SOURCE
- Original cataloging agency: NUST
- Transcribing agency: NUST
130 ## - HEADING--UNIFORM TITLE
- Uniform title: Human Papillomavirus (HPV)
670 ## - SOURCE DATA FOUND
- Source citation: Work cat.: (NUST): Abida Siddiqa 3247, TH-PhD-Molecular characterisation of High Risk Human papillomavirus(HPV) : Genotyping, genome analysis and functional interaction between HPV 16 E2 and L1, 2015
